000 00826nam a2200205 i 4500
001 40454
003 ES-MaACL
005 20251009173641.0
007 t|
008 030306m19181920ck ||||1| spa d
100 1 _aCaro, Miguel Antonio,
_d1843-1909
_935400
245 1 0 _aObras completas de Miguel Antonio Caro /
_cedición oficial hecha bajo la dirección de Víctor E. Caro y Antonio Gómez-Restrepo.
260 _aBogotá :
_b[s.n.,
_c1918-1920] (
_fImprenta Nacional)
300 _a2 v. ;
_c24 cm.
505 8 _aContiene: t. 1. Flos poetarum ; El Cinco de Mayo, de Manzoni (XII, 439 p.) -- t. 2. Estudios literarios, primera serie (XXIII, 399 p.)
700 1 _aCaro, Víctor E.
_935402
700 1 _aGómez Restrepo, Antonio,
_d1869-1947
_958130
852 _aES-MaACL
_jB-13537-38
999 _c40454
_d40454